Nerovnosť mzdových nákladov v krajoch Slovenska

Analýza rozdielov mzdových nákladov firiem v krajoch Slovenska.

Gespeichert in:
Bibliographische Detailangaben
1. Verfasser: Želinský, Tomáš
Weitere Verfasser: Kováč, Štefan
Format: Buchkapitel
Sprache:Slowakisch
Schlagworte:
Tags: Tag hinzufügen
Keine Tags, Fügen Sie das erste Tag hinzu!

MARC

LEADER 00000naa a2200000 4500
001 0168748
005 20220204145426.6
041 0 |a slo 
044 |a SK 
245 1 0 |a Nerovnosť mzdových nákladov v krajoch Slovenska  |c Tomáš Želinský, Štefan Kováč 
520 |a Analýza rozdielov mzdových nákladov firiem v krajoch Slovenska. 
610 2 0 |a Slovensko 
610 2 0 |a analýza ekonomická 
610 2 0 |a metódy štatistické 
610 2 0 |a diferenciácia mzdová 
610 2 0 |a regióny 
610 2 0 |a náklady mzdové 
100 1 |a Želinský, Tomáš 
700 1 |a Kováč, Štefan